000 00678nam a2200229 a 4500
008 951211s1981||||[C 0 slo c
020 _c25 Kčs.
_q(20000 výtl.)
040 _aSNK
_bslo
_cSNK
_eAACR2
041 1 _aslo
_heng
044 _axo
_cSK
080 _a820 (73)-3
100 1 _aDoctoraw, E. L.
_4aut
245 1 0 _aRagtime
_cE. L. Doctoraw ; E. L. Doctorow, Ján Meisner
250 _a1., vyd.
260 _aBratislava
_bPravda
_c1981
_eBratislava
_fPravda
300 _a235 s., 11,88 AH
_c20 cm
490 0 _aČlenská knižnica Pravda
500 _aIlustr. na predsádkach a front.
700 1 _aDoctorow, E. L.
_4aut
700 1 _aMeisner, Ján
_4bkd
958 _aA
999 _c10306
_d10306